00618nam a2200169 a 450000100100000000500170001000800410002702000180006804000250008608200150011110000290012624501330015526000390028830000360032750000570036350400280042000004486620201002045705.0150114s2014 dr ac 000 0 spa d a9789945583823 aDO-SdBNPbspacBNPHU axxxxbxxxx1 aFernández, Papod1963-10aGeneral Santiago Rodríguez :bpadre de la restauración de la independencia dominicana /cPapo Fernández (Ramón Antonio). aSanto Domingo :bSantuario,c2014. a117 p. :bil., retrs. ;c23 cm. aIncluye datos biográficos del autor en las solapas aBibliografía : p. 117